| 000 | 00563nam a2200205 a 4500 | ||
|---|---|---|---|
| 005 | 20210223130856.0 | ||
| 008 | 081110s2002 mx r 000 0 spa d | ||
| 020 | _a8480192682 | ||
| 035 | _aUPN01000167799 | ||
| 049 | _aCG | ||
| 050 | 4 |
_aGC838.53 E9.4 _bJ6.4 2002 |
|
| 100 | 1 | _aJardà Pinyol, Carles | |
| 245 | 1 | 0 |
_aMovernos en el agua / _cCarles Jardà Pinyol. |
| 250 | _a4a ed. | ||
| 260 |
_aBarcelona, Esp. : _bPaidotribo, _cc2002. |
||
| 300 |
_a150 p. : _bil. |
||
| 440 | 0 | _aMedicina deportiva | |
| 650 | 4 |
_aDEPORTES ACUATICOS _912185 |
|
| 905 | _aLibro | ||
| 999 |
_c139910 _d139910 |
||